Skúmanie elektrofyzikálnych vlastností polovodičových materiálov a prvkov spektroskopiou hlbokých hladín : dát. obhajoby 23.8.2016, č. ved. odboru 5-2-13
Enregistré dans:
| Auteur principal: | |
|---|---|
| Autres auteurs: | |
| Format: | Manuscrit Livre |
| Langue: | slovaque |
| Publié: |
Bratislava :
STU v Bratislave FEI,
2016
|
| Sujets: | |
| Accès en ligne: | http://is.stuba.sk/zp/portal_zp.pl?podrobnosti=105230 |
| Tags: |
Pas de tags, Soyez le premier à ajouter un tag!
|
MARC
| LEADER | 00000ntm a22000003a 4500 | ||
|---|---|---|---|
| 001 | stuzp42718 | ||
| 003 | SK-STU | ||
| 005 | 20230413105836.4 | ||
| 007 | ta | ||
| 008 | 150427s2015----xo-----f-mn---000-0-slo-d | ||
| 040 | |a STU |b slo | ||
| 041 | 0 | |a slo | |
| 100 | 1 | |a Petrus, Miroslav |u 033000 |k Z9 |4 aut |U FEI Fakulta elektrotechniky a informatiky |T FEI Ústav elektroniky a fotoniky |X 36054 |U E030 |Y 549 |7 A000036054 | |
| 242 | 0 | 1 | |a Study of electrophysical properties of semiconductor materials and structures by deep level spectroscopy |y eng |
| 245 | 1 | 0 | |a Skúmanie elektrofyzikálnych vlastností polovodičových materiálov a prvkov spektroskopiou hlbokých hladín : |b dát. obhajoby 23.8.2016, č. ved. odboru 5-2-13 |
| 260 | |a Bratislava : | ||
| 260 | |b STU v Bratislave FEI, | ||
| 260 | |c 2016 | ||
| 300 | |a 80 s. | ||
| 650 | 4 | |a Fourierova spektroskopia hlbokých hladín s optickým budením (DLTFS-O) |2 slo | |
| 650 | 4 | |a gálium nitrid |2 slo | |
| 650 | 4 | |a Fourierova spektroskopia hlbokých hladín (DLTFS) |2 slo | |
| 650 | 4 | |a Deep Level Transient Fourier Spectroscopy with optical excitation (DLTFS-O) |2 eng | |
| 650 | 4 | |a Galium Nitride |2 eng | |
| 650 | 4 | |a Deep Level Transient Fourier Spectroscopy (DLTFS) |2 eng | |
| 700 | 1 | |a Stuchlíková, Ľubica |u 033000 |k Z1 |4 ths |U FEI Fakulta elektrotechniky a informatiky |T FEI Ústav elektroniky a fotoniky |X 1997 |U E030 |Y 549 |7 A000001997 | |
| 856 | 4 | |u http://is.stuba.sk/zp/portal_zp.pl?podrobnosti=105230 | |
| 996 | |b 284ED01543 |c E*ZP-420 |l EE01 |s A |a 24 |w stuzp42718_0001 | ||